The Fairy Queen / (Record no. 170139)
[ view plain ]
| 000 -LEADER | |
|---|---|
| campo de control de longitud fija | 01024nam a2200265 i 4500 |
| 001 - NÚMERO DE CONTROL | |
| campo de control | 170139 |
| 003 - IDENTIFICADOR DE NÚMERO DE CONTROL | |
| campo de control | ES-MaACL |
| 005 - FECHA Y HORA DE LA ÚLTIMA TRANSACCIÓN | |
| campo de control | 20250716062539.0 |
| 008 - DATOS DE LONGITUD FIJA--INFORMACIÓN GENERAL | |
| campo de control de longitud fija | 090205s1989 fr a |||| | eng d |
| 020 ## - NÚMERO INTERNACIONAL ESTÁNDAR DEL LIBRO | |
| Número Internacional Estándar del Libro | 2-86869-381-4 |
| 080 ## - NÚMERO DE LA CLASIFICACIÓN DECIMAL UNIVERSAL | |
| Número de la Clasificación Decimal Universal | 782.089.1 |
| 100 1# - ENTRADA PRINCIPAL--NOMBRE DE PERSONA | |
| Nombre de persona | Purcell, Henry. |
| 9 (RLIN) | 138561 |
| 245 14 - MENCIÓN DEL TÍTULO | |
| Título | The Fairy Queen / |
| Mención de responsabilidad, etc. | an opera by Henry Purcell ; after "A midsummer night's dream", by William Shakespeare. |
| 246 11 - FORMA VARIANTE DEL TITULO | |
| Título propio/Titulo breve | La reine des fées |
| 260 ## - PUBLICACIÓN, DISTRIBUCIÓN, ETC. | |
| Lugar de publicación, distribución, etc. | Arles : |
| Nombre del editor, distribuidor, etc. | Actes Sud/Festival d'Aix, |
| Fecha de publicación, distribución, etc. | 1989. |
| 300 ## - DESCRIPCIÓN FÍSICA | |
| Extensión | 77 p. : |
| Otras características físicas | il. ; |
| Dimensiones | 24 x 13 cm + |
| Material acompañante/anejo | 1fascículo ( 29 p.) |
| 546 ## - NOTA DE IDIOMA | |
| Nota de lengua/lenguaje | Fasc. con la traducción al francés. |
| 594 ## - Nota al título y mención de responsabilidad | |
| Nota al título y mención de responsabilidad | Preface to the libretto [by] Roger Savage. |
| 599 ## - NOTA A LAS ILUSTRACIONES | |
| NOTA A LAS ILUSTRACIONES | Il. de Deirdre Clancy. |
| 650 #4 - PUNTO DE ACCESO ADICIONAL DE MATERIA--TÉRMINO DE MATERIA | |
| Término de materia o nombre geográfico como elemento de entrada | Óperas- |
| Subdivisión de forma | Libretos. |
| 9 (RLIN) | 137584 |
| 700 1# - ENTRADA AGREGADA--NOMBRE PERSONAL | |
| Nombre de persona | Shakespeare, William, |
| Fechas asociadas al nombre | 1564-1616 |
| 9 (RLIN) | 105992 |
| 852 4# - LOCALIZACIÓN | |
| Ubicación | ES-MaACL |
| Número de control de estantería | 2235-F-18 |
| itemnumber | R.140618 |
| Nota libre | . - Biblioteca Jacinto Martínez Lacalle |
| 852 4# - LOCALIZACIÓN | |
| Ubicación | ES-MaACL |
| Número de control de estantería | 2235-F-17 |
| itemnumber | R.141138 |
| Nota libre | . - Biblioteca Jacinto Martínez Lacalle |
| Estatus retirado | Estado de pérdida | Estado de daño | No para préstamo | Colección | Biblioteca de origen | Biblioteca actual | Ubicación en estantería | Fecha de adquisición | Fuente de adquisición | Total de préstamos | Signatura topográfica completa | Código de barras | Visto por última vez | Precio de reemplazo | Tipo de ítem Koha |
|---|---|---|---|---|---|---|---|---|---|---|---|---|---|---|---|
| Colección de folletos | Biblioteca del Ateneo de Madrid | Biblioteca del Ateneo de Madrid | Depósito folletos | 05/02/2009 | 2235-F-17 | 1178625 | 23/02/2023 | 23/02/2023 | Folleto | ||||||
| Colección de folletos | Biblioteca del Ateneo de Madrid | Biblioteca del Ateneo de Madrid | Depósito folletos | 05/02/2009 | 2235-F-18 | 1178623 | 23/02/2023 | 23/02/2023 | Folleto |
